书目信息 |
| 题名: |
穆斯堡尔谱学
|
|
| 作者: | 马如璋 , 徐英庭 主编 | |
| 分册: | ||
| 出版信息: | 北京 科学出版社 1996 |
|
| 页数: | 843页 | |
| 开本: | 20cm | |
| 丛书名: | 凝聚态物理学丛书 | |
| 单 册: | ||
| 中图分类: | O469 | |
| 科图分类: | ||
| 主题词: | 真空电子学 , 电子物理学 | |
| 电子资源: | ||
| ISBN: | 7-03-004559-9 | |
| 000 | 00668nam0 2200229 450 | |
| 001 | 0735592734 | |
| 005 | 20070906095312.73 | |
| 010 | @a7-03-004559-9@d¥54.00 | |
| 100 | @a20070906d km y0chiy0120 ea | |
| 101 | 0 | @achi |
| 200 | 1 | @a穆斯堡尔谱学@Amu si bao er pu xue@f马如璋,徐英庭主编@Fma ru zhang,xu ying ting zhu bian |
| 210 | @a北京@c科学出版社@d1996 | |
| 215 | @a843页@d20cm | |
| 225 | 2 | @a凝聚态物理学丛书 |
| 410 | 0 | @12001 @a凝聚态物理学丛书 |
| 606 | 0 | @a真空电子学 |
| 606 | 0 | @a电子物理学 |
| 690 | @aO469@v3 | |
| 701 | 0 | @a马如璋@Ama ru zhang@4主编 |
| 701 | 0 | @a徐英庭@Axu ying ting@4主编 |
| 801 | 0 | @aCN@bPFT@c20070906 |
| 905 | @a213230@dO469@eP4@f1 | |
| 穆斯堡尔谱学/马如璋,徐英庭主编.-北京:科学出版社,1996 |
| 843页;20cm.-(凝聚态物理学丛书) |
| ISBN 7-03-004559-9:¥54.00 |
| ● |
| 相关链接 |
|
|
|
|
正题名:穆斯堡尔谱学
索取号:O469/P4
 
预约/预借
| 序号 | 登录号 | 条形码 | 馆藏地/架位号 | 状态 | 备注 |
| 1 | 7200826 | 272008267 | 密集书库-物理学院/ [索取号:O469/P4] | 在馆 |